| 000 | 00805nam a22002297a 4500 | ||
|---|---|---|---|
| 005 | 20240530110618.0 | ||
| 008 | 161206s2014 ua a g 000 0 ara d | ||
| 017 |
_a2014/5953 _bمصر. دار الكتب |
||
| 020 | _a9789771810445 | ||
| 040 |
_aEG-CaGPL _cEG-CaGPL |
||
| 082 | 0 | 4 |
_221 _a953.07393\ _bم ص |
| 100 | 0 | _aمحمد فريد ابوحديد . | |
| 245 | 1 | 0 |
_aصلاح الدين الايوبى و عصره / _cتاليف محمد فريد ابوحديد . |
| 250 | _aط.1 | ||
| 260 |
_aالقاهرة : _c2014 . _bمطبعة دار الكتب و الوثائق القومية بالقاهرة ، |
||
| 300 |
_a781 ص. : _bايض ؛ _c24 سم. |
||
| 600 | 0 | _aصلاح الدين الايوبى . | |
| 650 | _2qrmak | ||
| 651 | _2qrmak | ||
| 942 |
_2ddc _cBK |
||
| 999 |
_c62998 _d62998 |
||